Computer graphics and virtual environments : From realism to real-time
Đã lưu trong:
| 主要作者: | |
|---|---|
| 格式: | 圖書 |
| 語言: | Undetermined |
| 出版: |
New York, NY
Addison Wesley
2002
|
| 主題: | |
| 標簽: |
添加標簽
沒有標簽, 成為第一個標記此記錄!
|
| Thư viện lưu trữ: | Trung tâm Học liệu Trường Đại học Cần Thơ |
|---|
| LEADER | 00602nam a2200205Ia 4500 | ||
|---|---|---|---|
| 001 | CTU_128443 | ||
| 008 | 210402s9999 xx 000 0 und d | ||
| 020 | |c 876500 | ||
| 082 | |a 006 | ||
| 082 | |b S631 | ||
| 100 | |a Slater, Mel | ||
| 245 | 0 | |a Computer graphics and virtual environments : | |
| 245 | 0 | |b From realism to real-time | |
| 245 | 0 | |c Mel Slater, Anthony Steed, and Yiorgos Chrysanthou. | |
| 260 | |a New York, NY | ||
| 260 | |b Addison Wesley | ||
| 260 | |c 2002 | ||
| 650 | |a Computer graphics.,Virtual reality. | ||
| 904 | |i Minh | ||
| 980 | |a Trung tâm Học liệu Trường Đại học Cần Thơ | ||